[Event "Tourn. n8411"]
[Site "www.chess-mail.com"]
[Date "2015.11.30"]
[Round "1"]
[White "Falcoale"]
[Black "Attatroll"]
[WhiteElo "1880"]
[BlackElo "1940"]
[Result "1-0"]
[Round "1"]
1.e4 e6
2.Ng1f3 Nb8c6
3.d4 Ng8f6
4.Nb1c3 Bf8b4
5.Bf1d3 O-O
6.Bc1d2 d5
7.e5 Nf6d7
8.a3 Bb4a5
9.b4 Ba5b6
10.Nc3a4 Nc6b8
11.Na4xb6 Nd7xb6
12.Nf3g5 g6
13.O-O Nb8c6
14.c3 h6
15.Ng5f3 Kh7
16.Bd2c1 Bc8d7
17.Qd1d2 Rf8h8
18.Qd2xh6 Kg8
19.Qh6f4 Qd8e7
20.Qf4g3 Ra8e8
21.Bc1g5 Qe7f8
22.Bg5f6 Rh8h5
23.Bd3e2 Rh5h7
24.Be2d3 Qf8h6
25.Nf3g5 Nc6e7
26.f4 Ne7f5
27.Bd3xf5 exf5
28.Ng5xh7 Qh6xh7
29.Qg3e1 Bd7e6
30.Rf1f3 g5
31.Rf3h3 Qh7xh3
32.gxh3 Nb6c4
33.Bf6xg5 { resign }
1-0

[Event "Tourn. n8470"]
[Site "www.chess-mail.com"]
[Date "2015.11.30"]
[Round "1"]
[White "Osmundw"]
[Black "Dulap"]
[WhiteElo "1559"]
[BlackElo "1690"]
[Result "0-1"]
[Round "1"]
1.e4 e5
2.Nb1c3 Ng8f6
3.Ng1f3 Nb8c6
4.Nf3g5 Bf8e7
5.a3 O-O
6.Qd1h5 Nf6xh5
7.Bf1e2 Be7xg5
8.Be2xh5 Nc6d4
9.Nc3e2 Nd4xc2
10.Kd1 Nc2xa1
11.g3 Na1b3
12.h4 Bg5f6
13.f4 Nb3xc1
14.fxe5 Nc1xe2
15.Bh5xe2 Bf6xe5
16.Rh1g1 Be5xb2
17.e5 Bb2xe5
18.g4 Qd8xh4
19.Rg1f1 d5
20.Be2b5 Qh4xg4
21.Kc1 c6
22.Bb5e2 Qg4xe2
23.Rf1d1 Be5b2
24.Kxb2 Qe2xd1
{ resign }
0-1

[Event "Tourn. n8409"]
[Site "www.chess-mail.com"]
[Date "2015.11.30"]
[Round "1"]
[White "Dspillman"]
[Black "Llcervello"]
[WhiteElo "1610"]
[BlackElo "1670"]
[Result "1-0"]
[Round "1"]
1.e4 e5
2.g3 g5
3.b3 Ng8f6
4.Nb1c3 c6
5.Ng1f3 Nf6g4
6.Qd1e2 f6
7.Bf1h3 d6
8.d4 Qd8a5
9.Bc1d2 Ng4xf2
10.Qe2xf2 Bc8xh3
11.Nc3e2 Qa5a3
12.Nf3g1 Nb8d7
13.Ng1xh3 h6
14.dxe5 dxe5
15.O-O Bf8c5
16.Bd2e3 b6
17.Rf1d1 O-O-O
18.Qf2f5 Bc5xe3
19.Kg2 Qa3e7
20.Rd1d3 Be3c5
21.a3 a5
22.c3 Bc5d6
23.b4 a4
24.c4 Rh8e8
25.c5 bxc5
26.Ra1c1 Qe7e6
27.Qf5g6 c4
28.Rd3d2 Bd6f8
29.Ne2c3 Nd7c5
30.Rc1d1 Nc5d3
31.Nc3xa4 Kc7
32.Qg6h5 c5
33.b5 Kb7
34.Nh3f2 Nd3xf2
35.Rd2xd8 Re8xd8
36.Rd1xd8 Nf2xe4
37.Qh5f3 Kc7
38.Rd8xf8 Qe6d6
39.Rf8f7 Kd8
40.Qf3xe4 Ke8
41.Qe4h7 Qd6f8
42.Rf7c7 g4
43.Rc7c8 { resign }
1-0

[Event "Tourn. n8428"]
[Site "www.chess-mail.com"]
[Date "2015.11.30"]
[Round "1"]
[White "Jjmcbride"]
[Black "Azulmarino"]
[WhiteElo "1740"]
[BlackElo "1740"]
[Result "0-1"]
[Round "1"]
1.d4 d5
2.Nb1c3 e6
3.e4 Bf8b4
4.e5 f6
5.a3 Bb4xc3
6.bxc3 f5
7.c4 c6
8.g4 g6
9.c5 Ng8e7
10.Bc1h6 b6
11.Bh6g7 Rh8g8
12.Bg7f6 Nb8d7
13.g5 bxc5
14.Qd1d2 c4
15.h4 Ra8b8
16.Ng1e2 Bc8a6
17.Ne2f4 Kf7
18.h5 Rb8b2
19.hxg6 hxg6
20.Rh1h7 Ke8
21.Rh7xe7 { time. }
0-1

[Event "Tourn. n8471"]
[Site "www.chess-mail.com"]
[Date "2015.11.30"]
[Round "1"]
[White "Nimzo"]
[Black "Gmscalpel"]
[WhiteElo "2840"]
[BlackElo "2400"]
[Result "1-0"]
[Round "1"]
1.d4 Ng8f6
2.c4 g6
3.g3 Bf8g7
4.Bf1g2 Nb8c6
5.Nb1c3 d6
6.Ng1f3 O-O
7.O-O e5
8.dxe5 Nc6xe5
9.Nf3xe5 Bc8g4
10.Ne5xg4 Nf6xg4
11.Bg2xb7 { resign }
1-0

[Event "Tourn. n8435"]
[Site "www.chess-mail.com"]
[Date "2015.11.30"]
[Round "1"]
[White "Passaroa25"]
[Black "Easychess"]
[WhiteElo "1660"]
[BlackElo "1410"]
[Result "0-1"]
[Round "1"]
1.e4 c5
2.Ng1e2 d6
3.Ne2g3 Nb8c6
4.c3 e5
5.Bf1e2 Ng8f6
6.f3 Bf8e7
7.d3 O-O
8.O-O d5
9.Bc1e3 d4
10.Be3f2 Rf8e8
11.Kh1 Bc8e6
12.Bf2e1 Qd8d7
13.Nb1d2 b5
14.Ng3f5 Be6xf5
15.exf5 a6
16.g4 Nf6d5
17.Nd2e4 Nd5e3
18.Qd1d2 Ne3xf1
19.Be2xf1 Ra8d8
20.Bf1e2 Qd7c7
21.Be1g3 f6
22.a3 Rd8d7
23.Ra1c1 Qc7b6
24.h4 Nc6a5
25.Be2d1 c4
26.b4 Na5b7
27.Rc1a1 dxc3
28.Ne4xc3 Rd7xd3
29.Nc3d5 Qb6d4
30.Nd5xe7 Re8xe7
31.Ra1a2 Rd3xd2
32.Ra2xd2 Qd4xd2
33.h5 Qd2xd1
34.Kh2 Re7d7
35.Kh3 Qd1h1
36.Bg3h2 Rd7d2
{ resign }
0-1

[Event "Tourn. n8449"]
[Site "www.chess-mail.com"]
[Date "2015.11.30"]
[Round "1"]
[White "Wwgia"]
[Black "Scasan55"]
[WhiteElo "2200"]
[BlackElo "2120"]
[Result "1-0"]
[Round "1"]
1.d4 e6
2.c4 d5
3.Nb1c3 Bf8b4
4.Ng1f3 Bb4xc3
5.bxc3 Ng8f6
6.Bc1g5 Nb8d7
7.e3 O-O
8.Bf1e2 h6
9.Bg5xf6 Nd7xf6
10.O-O c5
11.Ra1b1 Qd8a5
12.Qd1b3 Nf6e4
13.Rf1c1 Ra8b8
14.Be2d3 cxd4
15.cxd4 Ne4f6
16.c5 Bc8d7
17.Nf3e5 g6
18.h3 Kg7
19.Qb3c2 Bd7c6
20.Bd3xg6 Qa5d8
21.Bg6xf7 Rf8xf7
22.Qc2g6 Kf8
23.Qg6xf7 { resign }
1-0

[Event "Tourn. n8480"]
[Site "www.chess-mail.com"]
[Date "2015.11.30"]
[Round "1"]
[White "Jhw"]
[Black "Malbertan"]
[WhiteElo "1900"]
[BlackElo "2060"]
[Result "0-1"]
[Round "1"]
1.c4 c5
2.Ng1f3 Nb8c6
3.e3 d6
4.h3 Ng8f6
5.Nb1c3 g6
6.d4 Bf8g7
7.d5 Nc6b4
8.a3 Nb4a6
9.Bf1d3 O-O
10.O-O Na6c7
11.e4 Bc8d7
12.Bc1g5 a6
13.Rf1e1 b5
14.e5 dxe5
15.Nf3xe5 bxc4
16.Bd3xc4 Nc7b5
17.Ne5xd7 Qd8xd7
18.Qd1a4 Qd7f5
19.Nc3xb5 axb5
20.Qa4xb5 Qf5xg5
21.Re1xe7 Nf6xd5
22.Qb5xc5 Qg5xe7
23.Qc5xd5 Bg7xb2
24.Ra1a2 Qe7e1
25.Kh2 Bb2e5
26.g3 Ra8d8
27.Qd5g2 Qe1c3
28.Qg2f1 Rd8c8
29.Bc4d5 Rf8d8
30.Qf1d1 Be5d4
31.Ra2c2 Qc3xc2
{ resign }
0-1

[Event "Match"]
[Site "www.echecsemail.com"]
[Date "2015.11.30"]
[Round "1"]
[White "Jhw"]
[Black "Krystek23"]
[WhiteElo "1900"]
[BlackElo "2380"]
[Result "1-0"]
[Round "1"]
1.c4 e5
2.e3 Ng8f6
3.Nb1c3 d6
4.b4 c6
5.h3 Bf8e7
6.Ng1f3 Bc8e6
7.d3 a5
8.b5 O-O
9.a4 Qd8c7
10.Bf1e2 Nb8d7
11.g4 h6
12.e4 Nd7c5
13.g5 hxg5
14.Nf3xg5 Be6d7
15.Be2g4 d5
16.Bg4xd7 Qc7xd7
17.exd5 cxd5
18.Nc3xd5 Nf6xd5
19.cxd5 Qd7xd5
20.Rh1g1 Nc5xd3
21.Kf1 Ra8d8
22.Qd1h5 Be7xg5
23.Bc1xg5 f6
24.Bg5h6  { time }
1-0

[Event "Match"]
[Site "www.echecsemail.com"]
[Date "2015.11.30"]
[Round "1"]
[White "Cristiano"]
[Black "Darknight"]
[WhiteElo "2180"]
[BlackElo "1650"]
[Result "1-0"]
[Round "1"]
1.e4 e5
2.Ng1f3 d6
3.d4 exd4
4.c3 dxc3
5.Nb1xc3 h6
6.Bf1c4 c6
7.Bc1f4 g5
8.Bf4e3 Bc8g4
9.h3 Bg4h5
10.Qd1b3 b5
11.Bc4e2 a5
12.a3 a4
13.Qb3c2 Ng8f6
14.Ra1d1 Qd8a5
15.g4 Bh5g6
16.Be3d2 Qa5c7
17.Be2d3 Bf8e7
18.Nc3xb5 Qc7d7
19.Nb5d4 O-O
20.Nd4f5 h5
21.Nf5xe7 Qd7xe7
22.Bd2xg5 c5
23.Nf3h2 Nb8d7
24.O-O Kh7
25.f4 Kg7
26.Rd1e1 Qe7d8
27.e5 Nf6d5
28.Bg5xd8 Rf8xd8
29.Bd3xg6 fxg6
30.e6 Nd7b6
31.f5 Nd5f6
32.g5 Nf6g8
33.Qc2c3 Kh7
34.f6 Nb6d5
35.Qc3d3 Ng8e7
36.fxe7 Nd5xe7
37.Rf1f7 Kg8
38.Rf7xe7 Rd8f8
39.Qd3xg6 { resign }
1-0

[Event "Match"]
[Site "www.echecsemail.com"]
[Date "2015.11.30"]
[Round "1"]
[White "Jhw"]
[Black "Gimmyg"]
[WhiteElo "2040"]
[BlackElo "2440"]
[Result "0-1"]
[Round "1"]
1.b4 e5
2.Bc1a3 d5
3.e3 Ng8f6
4.h3 a5
5.b5 Bf8xa3
6.Nb1xa3 O-O
7.c4 d4
8.exd4 exd4
9.Bf1d3 Qd8e7
10.Ng1e2 Qe7xa3
11.Ne2xd4 Qa3xd3
{ resign }
0-1

[Event "Match"]
[Site "www.echecsemail.com"]
[Date "2015.11.30"]
[Round "1"]
[White "Caspito"]
[Black "Jhw"]
[WhiteElo "1750"]
[BlackElo "1960"]
[Result "1-0"]
[Round "1"]
1.e4 g5
2.d4 e6
3.Nb1c3 c5
4.Bc1e3 cxd4
5.Be3xd4 Ng8f6
6.e5 Nf6g8
7.Nc3b5 Nb8c6
8.Nb5d6 Bf8xd6
9.exd6 Nc6xd4
10.Qd1xd4 f6
11.c4 Qd8a5
12.Qd4c3 Qa5a4
13.c5 Ng8h6
14.Qc3xf6 Qa4e4
15.Ng1e2 Nh6g4
16.Qf6e7 { resign }
1-0

[Event "Match"]
[Site "www.echecsemail.com"]
[Date "2015.11.30"]
[Round "1"]
[White "Jjmcbride"]
[Black "Jhw"]
[WhiteElo "1970"]
[BlackElo "1880"]
[Result "0-1"]
[Round "1"]
1.e4 c5
2.d4 e6
3.d5 exd5
4.exd5 a6
5.c4 b5
6.cxb5 axb5
7.d6 Bc8b7
8.Qd1e2 Ng8e7
9.h4 Qd8b6
10.dxe7 Bf8xe7
11.Qe2xb5 Qb6e6
12.Bc1e3 Bb7c6
13.Qb5e2 Ra8xa2
14.Ra1xa2 Qe6xa2
15.Nb1c3 Qa2a1
16.Nc3d1 Bc6a4
17.Rh1h3 O-O
18.Ng1f3 Rf8e8
19.Be3xc5 Ba4xd1
20.Qe2xd1 Qa1a5
21.Nf3d2 Qa5xc5
22.Rh3e3 Kf8
23.Bf1d3 Be7xh4
24.Re3xe8 Kxe8
25.Qd1e2 Kf8
26.g3 Bh4f6
27.Nd2c4 Qc5b4
28.Kf1 g6
29.Qe2c2 Nb8c6
30.f4 Nc6d4
31.Qc2d1 d5
32.Nc4e5 Bf6xe5
33.fxe5 Qb4xb2
34.Kg1 h5
35.Qd1f1 Qb2b6
36.Kg2 Qb6e6
37.Qf1f4 Nd4c6
38.Qf4f6 Nc6xe5
39.Qf6xe6 { time. }
0-1

[Event "Match"]
[Site "www.echecsemail.com"]
[Date "2015.11.30"]
[Round "1"]
[White "Guidom"]
[Black "Jhw"]
[WhiteElo "2010"]
[BlackElo "1950"]
[Result "1-0"]
[Round "1"]
1.e4 c5
2.Ng1f3 d5
3.exd5 Qd8xd5
4.Nb1c3 Qd5d8
5.Bf1c4 Ng8f6
6.O-O h6
7.d4 Bc8f5
8.Nf3e5 e6
9.f3 Qd8xd4
10.Qd1xd4 cxd4
11.Nc3b5 Nb8a6
12.Nb5xd4 Bf8c5
13.c3 Bc5xd4
14.cxd4 Na6c7
15.Bc1e3 b5
16.Bc4b3 a5
17.a4 b4
18.Ra1c1 Nc7d5
19.Be3f2 O-O
20.h3 Nd5f4
21.Rf1d1 Nf4e2
22.Kf1 Ne2xc1
23.Rd1xc1 Ra8c8
24.Rc1c5 Rc8xc5
25.dxc5 Rf8d8
26.Ke2 Nf6d5
27.Ne5c6 Rd8d7
28.Nc6xa5 Nd5f4
29.Kf1 Nf4d3
30.c6 Rd7d6
31.Bf2g3 Rd6d4
32.c7 e5
33.Na5c6 Nd3c5
34.Nc6e7 Kf8
35.Ne7xf5 { resign }
1-0

[Event "Match"]
[Site "www.echecsemail.com"]
[Date "2015.11.30"]
[Round "1"]
[White "Cal"]
[Black "Acucar1"]
[WhiteElo "1299"]
[BlackElo "1660"]
[Result "0-1"]
[Round "1"]
1.Ng1f3 Ng8f6
2.d4 e6
3.a3 d5
4.Nb1c3 c5
5.dxc5 Bf8xc5
6.e3 Nb8c6
7.h3 O-O
8.Bf1d3 e5
9.Nc3e2 e4
10.Bd3xe4 dxe4
11.Nf3h2 Qd8c7
12.Bc1d2 Rf8d8
13.O-O Bc5d6
14.b4 Bd6xh2
15.Kh1 Bh2e5
16.f4 Be5xa1
17.Qd1xa1 Rd8xd2
18.c4 Rd2xe2
19.Qa1d1 Re2xe3
20.Qd1d2 Re3xa3
21.Rf1e1 Ra3d3
22.Qd2b2 Qc7xf4
23.b5 Bc8xh3
24.bxc6 Nf6g4
25.g3 Qf4f3
26.Kg1 Qf3xg3
27.Kh1 Qg3xe1

0-1

[Event "Match"]
[Site "www.echecsemail.com"]
[Date "2015.11.30"]
[Round "1"]
[White "Darknight"]
[Black "Chapi"]
[WhiteElo "1650"]
[BlackElo "2030"]
[Result "0-1"]
[Round "1"]
1.e4 c5
2.Bf1c4 g6
3.d3 Bf8g7
4.c3 Ng8f6
5.h3 O-O
6.g4 d5
7.exd5 Nf6xd5
8.Qd1f3 Bc8e6
9.Bc1e3 Nd5xe3
10.fxe3 Qd8b6
11.b3 Nb8c6
12.Qf3g3 Ra8d8
13.Ng1e2 Nc6b4
14.Kd2 Be6xc4
15.Kc1 Nb4xd3
16.Kc2 Bc4b5
17.Ne2c1 Nd3xc1
18.Kxc1 Rd8d3
19.Qg3e1 Rf8d8
20.Kc2 Qb6e6
21.e4 Bb5c6
22.Rh1h2 Qe6xe4
23.Qe1xe4 Bc6xe4
24.Kb2 b5
25.Rh2e2 f5
26.h4 Be4f3
27.Re2xe7 Bf3xg4
28.Re7xa7 f4
29.Ra7e7 f3
30.Re7e1 f2
31.Re1f1 Rd3f3
32.Kc2 Bg4h3
33.Nb1d2 Bh3xf1
34.Nd2xf3 Bf1d3
{ resign }
0-1

[Event "Match"]
[Site "www.echecsemail.com"]
[Date "2015.11.30"]
[Round "1"]
[White "Ranjachess"]
[Black "Rindrandria"]
[WhiteElo "1700"]
[BlackElo "1590"]
[Result "1-0"]
[Round "1"]
1.e4 a6
2.Nb1c3 b5
3.b4 g5
4.d4 Nb8c6
5.a4 Nc6xd4
6.Qd1xd4 f6
7.Qd4d1 h5
8.axb5 e5
9.Nc3d5 Bc8b7
10.c3 Bb7xd5
11.exd5 Ng8e7
12.Ra1xa6 Ra8b8
13.Qd1f3 Rb8b6
14.c4 Ne7c8
15.c5 Rb6b8
16.Ra6xf6 Bf8g7
17.Bc1xg5 Nc8e7
18.Rf6f7 Bg7f8
19.d6 cxd6
20.cxd6 Bf8h6
21.dxe7 Qd8c8
22.Bg5xh6 Qc8c2
23.Rf7f8 Kxe7
24.Qf3f6 
1-0

[Event "Match"]
[Site "www.echecsemail.com"]
[Date "2015.11.30"]
[Round "1"]
[White "Jhw"]
[Black "Billyg"]
[WhiteElo "1950"]
[BlackElo "1680"]
[Result "0-1"]
[Round "1"]
1.Ng1f3 e6
2.c4 d5
3.d4 dxc4
4.Qd1a4 Nb8c6
5.Qa4xc4 Bf8b4
6.Bc1d2 Bb4xd2
7.Nb1xd2 Ng8f6
8.e4 e5
9.Nf3g5 O-O
10.d5 Nc6a5
11.Qc4a4 b6
12.Nd2f3 Bc8d7
13.Qa4d1 h6
14.Ng5h3 Nf6xe4
15.Nf3xe5 Rf8e8
16.f4 f6
17.Bf1d3 fxe5
18.Bd3xe4 exf4
19.Nh3f2 Qd8g5
20.Qd1f3 Na5c4
21.d6 Ra8c8
22.dxc7 Nc4e3
23.Ra1c1 Bd7f5
24.Be4b7 Qg5f6
25.Rc1c6 Qf6xb2
26.Bb7xc8 Ne3c2
27.Kd1 Nc2e3
28.Ke1 Ne3g4
29.Kf1 Qb2b1
30.Nf2d1 Qb1b5
{ resign }
0-1

[Event "Match"]
[Site "www.echecsemail.com"]
[Date "2015.11.30"]
[Round "1"]
[White "Goosebumps"]
[Black "Krystek23"]
[WhiteElo "2090"]
[BlackElo "2360"]
[Result "1-0"]
[Round "1"]
1.e4 c5
2.c3 e6
3.d4 cxd4
4.cxd4 d5
5.Nb1d2 dxe4
6.Nd2xe4 Nb8c6
7.Ng1f3 Ng8f6
8.Bc1g5 Bf8e7
9.Bg5xf6 Be7xf6
10.Bf1b5 Qd8a5
11.Ne4c3 Bc8d7
12.O-O O-O
13.Qd1d3 Ra8d8
14.Rf1d1 Nc6b4
15.Qd3e2 a6
16.Bb5xd7 Rd8xd7
17.Nc3e4 Bf6e7
18.h3 Nb4d5
19.Qe2d2  { time }
1-0

[Event "1/64 Finale"]
[Site "www.chess-mail.com"]
[Date "2015.11.30"]
[Round "1"]
[White "Jhw"]
[Black "Naujzaid"]
[WhiteElo "1950"]
[BlackElo "1910"]
[Result "0-1"]
[Round "1"]
1.Ng1f3 d5
2.e3 e6
3.b3 Ng8f6
4.Bc1b2 Bf8e7
5.d3 O-O
6.Bf1e2 c5
7.O-O Nb8c6
8.g3 b6
9.c4 Bc8b7
10.Nb1d2 h6
11.d4 cxd4
12.Nf3xd4 dxc4
13.Nd2xc4 Nc6xd4
14.Qd1xd4 Qd8c7
15.Ra1c1 Rf8d8
16.Qd4e5 Qc7c6
17.f3 Qc6d5
18.Qe5c7 Rd8d7
19.Qc7f4 Qd5h5
20.Nc4e5 Rd7d8
21.Rc1c7 Nf6d5
22.g4 Nd5xf4
23.gxh5 Nf4xe2
24.Kf2 Rd8d2
25.Rc7xb7 Be7h4
26.Kg2 Rd2xb2
27.Rb7xf7 Bh4f6
28.Rf7d7 Bf6xe5
29.Rf1f2 Ne2c1
30.Rf2xb2 Be5xb2
31.a4 Nc1xb3
32.e4 Nb3c5
{ resign }
0-1

[Event "1/128 Finale"]
[Site "www.chess-mail.com"]
[Date "2015.11.30"]
[Round "1"]
[White "Vogue"]
[Black "Jhw"]
[WhiteElo "2380"]
[BlackElo "1890"]
[Result "1-0"]
[Round "1"]
1.c4 e6
2.g3 c6
3.Bf1g2 d5
4.Ng1f3 a5
5.d4 dxc4
6.a4 b5
7.Nf3e5 Bf8b4
8.Nb1c3 Ra8a6
9.O-O Bb4xc3
10.bxc3 f6
11.Ne5f3 b4
12.Nf3d2 Ng8e7
13.Nd2xc4 bxc3
14.Qd1b3 Qd8xd4
15.Rf1d1 Qd4g4
16.Nc4d6 Kf8
17.Nd6xc8 Ne7xc8
18.Qb3b7 Nc8e7
19.Qb7xb8 Kf7
20.Qb8xh8 Qg4xe2
21.Rd1d8 Qe2e1
22.Bg2f1 Ne7f5
23.Qh8e8 { resign }
1-0

[Event "Fast Game"]
[Site "www.echecsemail.com"]
[Date "2015.11.30"]
[Round "1"]
[White "Gatrooper"]
[Black "Sonny1000"]
[WhiteElo "1290"]
[BlackElo "1299"]
[Result "1-0"]
[Round "1"]
1.e4 e5
2.a3 Nb8c6
3.Ng1f3 Nc6d4
4.Nf3xd4 exd4
5.d3 d5
6.exd5 Qd8xd5
7.h3 g6
8.Bf1e2 Ng8h6
9.Bc1xh6 Bf8xh6
10.f3 Bh6e3
11.c3 O-O
12.cxd4 Qd5xd4
13.Nb1c3 Rf8e8
14.Qd1c2 Be3f2
15.Kd1 c6
16.Kc1 Qd4f4
17.Kb1 Re8e6
18.Rh1f1 Bf2d4
19.Be2d1 f5
20.Nc3e2 Qf4h2
21.Ne2xd4 Re6e3
22.Bd1e2 Qh2xg2
23.Qc2c4 Kg7
24.Nd4c2 Re3xe2
25.Rf1c1 Bc8e6
26.Qc4d4 Kf7
27.Qd4c3 Qg2xf3
28.Nc2d4 Qf3g2
29.Nd4xe2 Qg2xe2
30.b3 Ra8d8
31.Ra1a2 Qe2e3
32.Ra2d2 Qe3xh3
33.Qc3a5 Rd8d7
34.Qa5xa7 Be6xb3
35.Qa7b6 Bb3d5
36.Kb2 f4
37.Rc1c2 f3
38.Rd2h2 Qh3f5
39.Rh2f2 h5
40.Qb6e3 Kf6
41.Rf2h2 Kg7
42.Rh2f2 g5
43.Rf2h2 h4
44.Qe3d4 Kg8
45.Rh2f2 h3
46.Qd4a7 Qf5xd3
47.Qa7b8 Kg7
48.Qb8e5 Kg8
49.Qe5e8 Kg7
50.Qe8xd7 Kg8
51.Rc2c3 Qd3b5
52.Kc1 Qb5b6
53.Rc3c2 Qb6e3
54.Rc2d2 Qe3xa3
55.Rd2b2 Qa3c3
56.Rb2c2 Qc3e1
57.Kb2 Qe1e5
58.Kc1 b5
59.Qd7d8 Kg7
60.Qd8d7 Kg6
61.Qd7xh3 Qe5a1
62.Kd2 Qa1d4
63.Kc1 Qd4a1
64.Kd2 b4
65.Rf2h2 Qa1d4
66.Kc1 Qd4h4
67.Qh3xh4 gxh4
68.Rh2xh4 b3
69.Rc2b2 Kg5
70.Rh4h1 c5
71.Rh1g1 Kf4
72.Rg1d1 Bd5e4
73.Rb2xb3 f2
74.Rd1f1 Be4f3
75.Rf1xf2 Ke4
76.Rf2xf3 Kd5
77.Rf3d3 Kc4
78.Rb3c3 Kb4
79.Rc3b3 Kc4
80.Rb3c3 Kb4
81.Rc3b3 Kc4
82.Rb3c3 Kb4
83.Rc3b3 Kc4
84.Rd3c3 Kd4
85.Kd2 { resign }
1-0

[Event "Fast Game"]
[Site "www.echecsemail.com"]
[Date "2015.11.30"]
[Round "1"]
[White "Hennie4820"]
[Black "Jhw"]
[WhiteElo "1560"]
[BlackElo "1710"]
[Result "1-0"]
[Round "1"]
1.e4 c5
2.Ng1f3 e6
3.d4 d5
4.exd5 Qd8xd5
5.c4 Qd5e4
6.Bc1e3 cxd4
7.Qd1xd4 Bf8b4
8.Nb1c3 Bb4xc3
9.Qd4xc3 Ng8f6
10.Bf1d3 Qe4g4
11.O-O h6
12.Nf3e5 Qg4h5
13.Ra1d1 Nb8c6
14.Ne5xc6 bxc6
15.Bd3e2 Qh5xe2
16.f3 Bc8a6
17.b3 Qe2xa2
18.Rd1a1 Nf6e4
19.fxe4 Qa2e2
20.Rf1f2 Qe2g4
21.Ra1xa6 O-O-O
22.Ra6xa7 Qg4xe4
23.h3 Rd8d1
24.Kh2 Kb8
25.Qc3a5 c5
26.Qa5c7 { resign }
1-0

[Event "Fast Game"]
[Site "www.echecsemail.com"]
[Date "2015.11.30"]
[Round "1"]
[White "Fkarpov"]
[Black "Jhw"]
[WhiteElo "1840"]
[BlackElo "1750"]
[Result "1-0"]
[Round "1"]
1.e4 c5
2.d4 e6
3.d5 Qd8h4
4.Nb1c3 exd5
5.Ng1f3 Qh4h5
6.Nc3xd5 Bf8d6
7.e5 Bd6xe5
8.Qd1e2 Ng8e7
9.Nd5xe7 d6
10.Ne7xc8 O-O
11.Nc8e7 Kh8
12.Nf3xe5 Qh5xe5
13.Qe2xe5 dxe5
14.Bc1e3 b6
15.O-O-O g6
16.Be3h6 Rf8e8
17.Bf1c4 { resign }
1-0

[Event "Tourn. n8460"]
[Site "www.chess-mail.com"]
[Date "2015.12.01"]
[Round "1"]
[White "Roque1"]
[Black "Alexandrub"]
[WhiteElo "1520"]
[BlackElo "1589"]
[Result "1-0"]
[Round "1"]
1.e4 e5
2.Ng1f3 Nb8c6
3.Bf1b5 a6
4.Bb5a4 Ng8f6
5.d3 d6
6.Nb1c3 Bf8e7
7.O-O O-O
8.Bc1e3 b5
9.Ba4b3 Nc6a5
10.Qd1d2 Nf6g4
11.Bb3d5 c6
12.Bd5b3 Na5xb3
13.axb3 Ng4xe3
14.Qd2xe3 Bc8e6
15.d4  { time }
1-0

[Event "Tourn. n8476"]
[Site "www.chess-mail.com"]
[Date "2015.12.01"]
[Round "1"]
[White "Johnmcbride"]
[Black "Genius9"]
[WhiteElo "1810"]
[BlackElo "1790"]
[Result "1-0"]
[Round "1"]
1.d4 d5
2.e3 Ng8f6
3.Bf1d3 g6
4.f4 Bf8g7
5.Ng1f3 O-O
6.O-O b6
7.b3 Bc8b7
8.Bc1a3 Nb8d7
9.Nb1c3  { time }
1-0

[Event "Tourn. n8487"]
[Site "www.chess-mail.com"]
[Date "2015.12.01"]
[Round "1"]
[White "Estonia"]
[Black "Jhw"]
[WhiteElo "1990"]
[BlackElo "1960"]
[Result "1-0"]
[Round "1"]
1.d4 c6
2.c4 e5
3.Ng1f3 e4
4.Nf3g1 b5
5.e3 Bc8a6
6.cxb5 cxb5
7.Qd1b3 Qd8a5
8.Bc1d2 b4
9.Bf1c4 Ba6xc4
10.Qb3xc4 Nb8c6
11.Ng1h3 Bf8e7
12.Nb1a3 Ra8c8
13.O-O Qa5h5
14.Nh3f4 Qh5f5
15.Na3b5 a6
16.d5 Nc6a7
17.Nb5d4 Qf5g5
18.Qc4xa6 Rc8a8
19.d6 Be7d8
20.Bd2xb4 Ng8f6
21.h3 Nf6d5
22.Nf4xd5 Qg5xd5
23.Qa6e2 Bd8b6
24.Rf1d1 O-O
25.a3 Ra8b8
26.Nd4c2 Qd5b5
27.Qe2xb5 Na7xb5
28.Rd1d5 Bb6a7
29.Ra1d1 Rb8b6
30.Bb4a5 Rb6b8
31.Ba5c7 Nb5xc7
32.dxc7 Rb8xb2
33.Nc2b4 Ba7b6
34.Rd5xd7 { resign }
1-0

[Event "Tourn. n8422"]
[Site "www.chess-mail.com"]
[Date "2015.12.01"]
[Round "1"]
[White "Greghghs"]
[Black "Aperturaf"]
[WhiteElo "2480"]
[BlackElo "2390"]
[Result "0-1"]
[Round "1"]
1.d4 e6
2.e4 d5
3.Nb1d2 Ng8f6
4.e5 Nf6d7
5.c3 c5
6.Bf1d3 Nb8c6
7.Ng1e2 f6
8.exf6 Nd7xf6
9.Nd2f3 Bf8d6
10.Bc1g5 O-O
11.Qd1c2 h6
12.Bg5h4 cxd4
13.Ne2xd4 e5
14.Nd4xc6 bxc6
15.Bd3e2 Qd8c7
16.Bh4g3 Nf6e4
17.O-O Bc8f5
18.Qc2d1 Ra8b8
19.Qd1c1 Bf5g4
20.Nf3d4 Bg4xe2
21.Nd4xe2 Qc7b6
22.b3 Rf8f5
23.Qc1c2 Bd6c5
{ resign }
0-1

[Event "Tourn. n8391"]
[Site "www.chess-mail.com"]
[Date "2015.12.01"]
[Round "1"]
[White "Bira47"]
[Black "Jhw"]
[WhiteElo "2050"]
[BlackElo "1950"]
[Result "1-0"]
[Round "1"]
1.c4 g6
2.g3 d5
3.Bf1g2 Ng8f6
4.e3 Nb8c6
5.cxd5 Nf6xd5
6.Nb1c3 Nd5xc3
7.bxc3 Bc8d7
8.h3 e5
9.Bc1b2 Bf8g7
10.Ng1e2 Nc6a5
11.d3 c5
12.O-O Ra8b8
13.c4 b5
14.Qd1c2 bxc4
15.dxc4 Na5xc4
16.Qc2xc4 Rb8xb2
17.Ne2c3 Qd8c8
18.Nc3a4 Rb2b4
19.Qc4xc5 Rb4xa4
20.Qc5xc8 Bd7xc8
21.Bg2c6 Bc8d7
22.Bc6xa4 Bd7xa4
23.Rf1c1 O-O
24.Rc1c4 Ba4b5
25.Rc4c5 Bb5d7
26.Ra1d1 Bd7xh3
27.Rd1c1 Bg7h6
28.Rc5xe5 Bh6g5
29.Re5xg5 f5
30.Kh2 Bh3g4
31.Rc1c7 Rf8f7
32.Rc7c8 Kg7
33.Rg5xg4 fxg4
34.Kg2 h5
35.a4 g5
36.Rc8c6 Kh7
37.a5 h4
38.gxh4 gxh4
39.Rc6c4 Rf7g7
40.a6 h3
41.Kh2 Rg7f7
42.Rc4c2 Kg6
43.Kg3 Rf7h7
44.Rc2c6 Kf5
45.Rc6c1 Rh7h6
46.Rc1c5 Ke4
47.Rc5c4 Kd3
48.Rc4d4 Ke2
49.Kh2 Rh6h4
50.Rd4f4 Kf1
51.e4 Ke2
52.e5 Rh4h6
53.Rf4f6 Rh6h8
54.e6 Rh8e8
55.Kg3 Kf1
56.Rf6h6 Re8e7
57.Rh6f6 Kg1
58.Rf6h6 Re7c7
59.Kxg4 h2
60.f4 Rc7e7
61.f5 Re7c7
62.f6 Rc7c4
63.Kf5 Rc4c6
64.e7 { resign }
1-0

[Event "Tourn. n8495"]
[Site "www.chess-mail.com"]
[Date "2015.12.01"]
[Round "1"]
[White "Umzi"]
[Black "Jhw"]
[WhiteElo "2210"]
[BlackElo "2010"]
[Result "1-0"]
[Round "1"]
1.e4 c5
2.Ng1f3 Nb8c6
3.c3 Qd8b6
4.Bf1c4 e6
5.O-O Ng8f6
6.d3 d5
7.exd5 exd5
8.Bc4b3 Bc8e6
9.Bb3c2 Bf8d6
10.h3 h6
11.b3 a5
12.Bc1b2 g5
13.c4 dxc4
14.Bb2xf6 Rh8g8
15.dxc4 Nc6e7
16.Nb1c3 O-O-O
17.Bf6xe7 Bd6h2
18.Nf3xh2 Rd8xd1
19.Ra1xd1 f5
20.Be7f6 Rg8g6
21.Bf6e5 h5
22.Nc3d5 Qb6d8
23.Rf1e1 g4
24.Nd5f4 { resign }
1-0

[Event "Tourn. n8352"]
[Site "www.chess-mail.com"]
[Date "2015.12.01"]
[Round "1"]
[White "Senitram"]
[Black "Szustan"]
[WhiteElo "2630"]
[BlackElo "2740"]
[Result "1-0"]
[Round "1"]
1.Ng1f3 Nb8c6
2.e4 e5
3.Bf1b5 a6
4.Bb5xc6 dxc6
5.O-O Bf8d6
6.d4 exd4
7.Qd1xd4 f6
8.Bc1e3 Ng8e7
9.Nb1d2 O-O
10.Nd2c4 Bc8e6
11.Rf1d1 Ne7c8
12.Be3f4 c5
13.Qd4c3 Qd8e7
14.Nc4xd6 cxd6
15.Rd1d3 b5
16.Qc3d2 Be6c4
17.Rd3e3 Bc4f7
18.Ra1d1 Rf8e8
19.h3 a5
20.a3 a4
21.Nf3h4 g6
22.Nh4f3 Ra8a6
23.Nf3h2 h5
24.Nh2f1 Qe7b7
25.Qd2c3 Re8e6
26.f3 b4
27.Qc3d3 g5
28.Bf4h2 Ra6c6
29.f4 c4
30.Qd3d4 c3
31.axb4 Nc8a7
32.bxc3 Na7b5
33.Qd4d2 Qb7c7
34.fxg5 Nb5xc3
35.Rd1e1 fxg5
36.Nf1g3 a3
37.Ng3f5 a2
38.Qd2d4 Bf7g6
39.Bh2xd6 Qc7d7
40.Bd6e5 Qd7xd4
41.Nf5xd4 Re6xe5
42.Nd4xc6 Re5xe4
43.Re3xe4 Bg6xe4
44.Nc6d4 Be4d5
45.Re1a1 Kf7
46.Kf2 Kf6
47.b5 g4
48.h4 Ke7
49.Ke3 Kd6
50.Kd3 Nc3a4
51.c4 Na4b2
52.Kc3 Nb2xc4
53.Ra1xa2 Nc4e3
54.Ra2a6 Ke5
55.g3 Ne3d1
56.Kd2 { resign }
1-0

[Event "Tourn. n8420"]
[Site "www.chess-mail.com"]
[Date "2015.12.01"]
[Round "1"]
[White "Emerchess"]
[Black "Ochoreales"]
[WhiteElo "1939"]
[BlackElo "2090"]
[Result "1-0"]
[Round "1"]
1.Ng1f3 Ng8f6
2.d4 g6
3.Bc1f4 Bf8g7
4.h3 O-O
5.e3 d6
6.Bf1c4 c6
7.O-O b5
8.Bc4b3 Bc8b7
9.Nb1d2 Nb8d7
10.Ra1c1 c5
11.dxc5 Nd7xc5
12.c3 Nc5d3
13.Rc1b1 Nd3xf4
14.exf4 e6
15.Qd1e2 a6
16.Rb1d1 Ra8c8
17.Bb3c2 Nf6h5
18.Qe2e3 Bg7h6
19.g3 Nh5f6
20.Qe3d4 Bh6g7
21.Qd4d3  { time }
1-0

[Event "Tourn. n8376"]
[Site "www.chess-mail.com"]
[Date "2015.12.01"]
[Round "1"]
[White "Madz123456"]
[Black "Ciappo"]
[WhiteElo "2220"]
[BlackElo "2510"]
[Result "1/2-1/2"]
[Round "1"]
1.e4 d6
2.d4 Ng8f6
3.Nb1c3 g6
4.Ng1f3 Bf8g7
5.Bf1e2 O-O
6.O-O Bc8g4
7.Nf3g5 Bg4xe2
8.Qd1xe2 Nb8c6
9.Rf1d1 h6
10.Ng5f3 Nf6d7
11.Bc1e3 Qd8c8
12.Qe2d2 Kh7
13.Nc3e2 e5
14.c3 Qc8e8
15.Qd2c2 a6
16.Ne2g3 Nc6e7
17.Qc2b3 Ra8b8
18.a4 f5
19.exf5 Ne7xf5
20.Ng3xf5 Rf8xf5
21.Qb3c2 Qe8f7
22.h3 Rb8e8
23.Ra1c1 exd4
24.Nf3xd4 Rf5e5
25.b4 Nd7f6
26.Nd4f3 Re5e7
27.c4 Nf6d7
28.a5 Nd7e5
29.Nf3d4 Ne5d7
{ draw }
1/2-1/2

[Event "Tourn. n8428"]
[Site "www.chess-mail.com"]
[Date "2015.12.01"]
[Round "1"]
[White "Azulmarino"]
[Black "Ditto"]
[WhiteElo "1740"]
[BlackElo "1860"]
[Result "0-1"]
[Round "1"]
1.e4 e5
2.Ng1f3 Nb8c6
3.d3 Bf8c5
4.Bc1g5 Ng8e7
5.Nb1c3 d6
6.h3 Qd8d7
7.Nc3d5 Ne7xd5
8.exd5 Nc6d4
9.c3 Nd4xf3
10.Qd1xf3 O-O
11.Qf3h5 Qd7f5
12.d4 exd4
13.O-O-O h6
14.Bf1d3 Qf5xd5
15.h4 Qd5xa2
16.Bg5xh6 f5
17.Bd3b1 Qa2e6
18.Bb1xf5 Rf8xf5
19.Bh6g5 dxc3
20.Rd1e1 cxb2
21.Kb1 Qe6b3
22.Re1e8 Rf5f8
23.Rh1h3 Bc8f5
{ resign }
0-1